|
|
|
|
| LEADER |
00869nam a2200253 a 4500 |
| 001 |
c000102915 |
| 003 |
CARM |
| 005 |
19940124000000.0 |
| 008 |
740701s1974 enk 000 1 eng d |
| 015 |
|
|
|a B7416289
|
| 019 |
1 |
|
|a 3553479
|5 LACONCORD2021
|
| 020 |
|
|
|a 0709139535 :
|c L.1.30
|
| 035 |
|
|
|a (OCoLC)16244273
|5 LACONCORD2021
|
| 040 |
|
|
|a BNB
|b eng
|c BNB
|d ABN:1V
|
| 082 |
0 |
4 |
|a 823/.9/1
|2 18
|
| 100 |
1 |
|
|a Lant, Harvey,
|d 1928-
|
| 245 |
1 |
0 |
|a Range grab /
|c by Harvey Lant.
|
| 260 |
|
|
|a London :
|b Hale,
|c 1974.
|
| 300 |
|
|
|a 160 p. ;
|c 20cm.
|
| 500 |
|
|
|a Fiction in English, 1900-. Texts (BNB/PRECIS)
|
| 650 |
|
0 |
|a English fiction.
|
| 852 |
8 |
|
|b CARM
|h A2:AJ29G0
|i A02472
|p 0159747
|f BK
|
| 999 |
f |
f |
|i 24e51ae3-4117-5c37-beb6-032774ab2362
|s 4ed24b69-2010-5fa2-964d-e8322c87a006
|
| 952 |
f |
f |
|p Can circulate
|a CAVAL
|b CAVAL
|c CAVAL
|d CARM 1 Store
|e A02472
|f A2:AJ29G0
|h Other scheme
|i book
|m 0159747
|